| 000 | 00414nam a2200157Ia 4500 | ||
|---|---|---|---|
| 008 | 230312s9999||||xx |||||||||||||| ||und|| | ||
| 020 | _a0-415-41354-0 | ||
| 082 |
_a696 _bCHA-D |
||
| 100 | _aChadderton;David.V | ||
| 245 | 0 | _aBuilding Services Engineering | |
| 260 |
_bPak Book Corporation _aPakistan _c4 |
||
| 300 | _a427 | ||
| 546 | _aEng. | ||
| 650 |
_aArchitecture _vBuilding Services Engineering |
||
| 942 | _cBK | ||
| 999 |
_c8901 _d8901 |
||